Trouvez les pays - G - Statistiques

Statistiques générales
  • Ce quiz a été pris 117 fois
  • Le résultat moyen est 10 sur 12
Statistiques - réponses
Par images Réponse % Correct
Grèce
99%
Géorgie
97%
Ghana
94%
Guinée
94%
Gabon
86%
Guinée Bissau
86%
Guinée Equatoriale
86%
Guatemala
85%
Gambie
77%
Grenade
73%
Guyana
67%
Groenland
49%
Aucun quiz correspondant
Distribution des résultats
% des personnes avec chaque résultat
Percentile par nombre de réponses
Votre historique - résultats
Vous n’avez pas pris ce quiz